Carillion Construction Ltd v Devonport Royal Dockyard (Record no. 72613)

MARC details
000 -LEADER
fixed length control field 01395cam a2200229 4500
001 - CONTROL NUMBER
control field ABS66599
008 - FIXED-LENGTH DATA ELEMENTS--GENERAL INFORMATION
fixed length control field 030502n2003 000 0 eng u
035 ## - SYSTEM CONTROL NUMBER
System control number (Sirsi) u122176
245 ## - TITLE STATEMENT
Title Carillion Construction Ltd v Devonport Royal Dockyard
260 ## - PUBLICATION, DISTRIBUTION, ETC.
Date of publication, distribution, etc. 2003
490 ## - SERIES STATEMENT
Series statement Building Law Reports
Volume/sequential designation [2003] 2 BLR 79-88(10)
520 ## - SUMMARY, ETC.
Summary, etc. TCC 27 November 2002. Claimant (C)'s application for summary judgment to enforce adjudicator's decision was dismissed. An oral agreement varying terms of a contract did not form part of a written contract and therefore the Housing Grants, Construction and Regeneration Act 1996 s107 did not apply. "R J T Consulting v D M Engineering" (CA X118297) applied. There was no dispute to refer to adjudication as C had failed to provide clarification of its claim as requested by defendant (D).
590 ## - LOCAL NOTE (RLIN)
Local note ABS
650 ## - SUBJECT ADDED ENTRY--TOPICAL TERM
Topical term or geographic name entry element CARILLION CONSTRUCTION LTD V DEVONPORT ROYAL DOCKYARD LTD
650 ## - SUBJECT ADDED ENTRY--TOPICAL TERM
Topical term or geographic name entry element -DISPUTE AVOIDANCE, MANAGEMENT AND RESOLUTION-DISPUTE MANAGEMENT AND RESOLUTION-ALTERNATIVE DISPUTE RESOLUTION-ADJUDICATION-ADJUDICATORS-ADJUDICATORS' JURISDICTION
650 ## - SUBJECT ADDED ENTRY--TOPICAL TERM
Topical term or geographic name entry element CONSTRUCTION DISPUTES
650 ## - SUBJECT ADDED ENTRY--TOPICAL TERM
Topical term or geographic name entry element CONTRACTS IN WRITING
650 ## - SUBJECT ADDED ENTRY--TOPICAL TERM
Topical term or geographic name entry element ORAL CONTRACTS
650 ## - SUBJECT ADDED ENTRY--TOPICAL TERM
Topical term or geographic name entry element R J T CONSULTING ENGINEERS LTD V D M ENGINEERING (NI) LTD
690 ## - LOCAL SUBJECT ADDED ENTRY--TOPICAL TERM (OCLC, RLIN)
Topical term or geographic name as entry element MANGEMENT-DISPUTE AVOIDANCE, MANAGEMENT AND RESOLUTION-DISPUTE MANAGEMENT AND RESOLUTION
942 ## - ADDED ENTRY ELEMENTS (KOHA)
Suppress in OPAC 0
Holdings
Withdrawn status Lost status Source of classification or shelving scheme Damaged status Not for loan Home library Current library Shelving location Date acquired Total Checkouts Full call number Barcode Date last seen Copy number Price effective from Koha item type
    Dewey Decimal Classification     London London Journal article 02/05/2003   ABS66599 122176-1001 06/08/2019 1 06/08/2019 Law report